| 000 | 01546nam0a2200313 4500 | ||
|---|---|---|---|
| 001 | RU\NLR\BIBL_A\011151150 | ||
| 005 | 20260406075110.0 | ||
| 010 |
_a978-5-7525-2853-8 _9300 |
||
| 035 | _a(NLR Aleph) 011151150 | ||
| 090 |
_a11674014 _c11674014 |
||
| 100 | _a20160614d2013 |||y0rusy50 ca | ||
| 101 | 1 |
_aeng _crus |
|
| 102 | _aRU | ||
| 105 | _aach z 000yy | ||
| 200 | 1 |
_aFasting dietary therapy for patients with arterial hypertension _fS. A. Muravyov, G. A. Makarova, O. A. Dmitrieva, N. S. Okonechnikova _g[transl.: Irina Case] |
|
| 210 |
_aEkaterinburg _cVIP-Ural publishing house _d2013 |
||
| 215 |
_a159 с. _cил., цв. ил., факс., портр. _d22 |
||
| 320 | _aБиблиогр.: с. 157-159 | ||
| 541 | 1 | _aРазгрузочно-диетическая терапия у больных с артериальной гипертензией. | |
| 606 | 1 |
_aГипертоническая болезнь _xТерапия разгрузочной диетой _92292467 _3RU\NLR\AUTH\6601600227 |
|
| 686 | 1 | _aР410.030-51 | |
| 701 | 1 |
_7ba _8rus _aMurav'ev _bS. A. _cд-р мед. наук _gStanislav Anatol'evič _3RU\NLR\AUTH\770160196 _9160155 |
|
| 701 | 1 |
_7ba _8rus _aMakarova _bG. A. _cврач-диетолог _gGalina Aleksandrovna _3RU\NLR\AUTH\770160201 _9160160 |
|
| 701 | 1 |
_7ba _8rus _aDmitrieva _bO. A. _cканд. мед. наук _gOl'ga Aleksandrovna _3RU\NLR\AUTH\770160203 _9160162 |
|
| 701 | 1 |
_aOkonečnikova _bN. S. _gNatal'ja Sergeevna |
|
| 942 | _cBOOK | ||
| 980 | _aNB | ||